| 000 | 00838nam a2200253Ia 4500 | ||
|---|---|---|---|
| 003 | OSt | ||
| 005 | 20220927110729.0 | ||
| 006 | a|||||r|||| 00| 0 | ||
| 007 | ta | ||
| 008 | 220926b |||||||| |||| 00| 0 eng d | ||
| 024 | _a88361 | ||
| 037 | _cReports | ||
| 040 |
_aRTL _cRTL _beng |
||
| 041 |
_2eng _aeng |
||
| 082 | _a"X9(J):991.2.N71t, L2" | ||
| 110 |
_aIndia Unemployment (Committee on-) Agriculture. (Working Group on-) (1971) (Chairman;K Ramian) _9379985 |
||
| 245 | 0 | _aReport | |
| 260 |
_aNew _bDelhi Vigyan Bhavan India _c1972 |
||
| 300 |
_a"iv, 76p." _ccm. |
||
| 650 | _aAgricultural Labour | ||
| 700 |
_aIndia Unemployment (Committee on-) Agriculture. (Working Group on-) (1971) (Chairman;K Ramian) _9379986 |
||
| 942 |
_h"X9(J):991.2.N71t, L2" _cCC |
||
| 999 |
_c697740 _d697740 |
||